| 000 | 00746cam a22002415a 4500 | ||
|---|---|---|---|
| 001 | 15253745 | ||
| 005 | 20161009153122.0 | ||
| 008 | 080409s2008 enka frb 001 0 eng d | ||
| 020 | _a1844074544 | ||
| 020 | _a9781844074549 | ||
| 040 |
_aEG-ScBUE _beng _cEG-ScBUE _dEG-ScBUE |
||
| 082 | 0 | 4 |
_a338.927 _222 _bBLE |
| 100 | 1 |
_aBlewitt, John, _d1957- _932912 |
|
| 245 | 1 | 0 |
_aUnderstanding sustainable development / _cJohn Blewitt. |
| 260 |
_aLondon ; _aSterling : _bEarthscan, _c2008. |
||
| 300 |
_axvi, 288 p. : _bill. ; _c25 cm. |
||
| 500 | _aIndex : p. [279]-288. | ||
| 504 | _aBibliography : p. [251]-271. | ||
| 650 | 7 |
_aSustainable development. _93569 _2BUEsh |
|
| 651 | _2BUEsh | ||
| 653 |
_bBUSADM _cMarch2013 _cOctober2016 |
||
| 942 |
_2ddc _cBB |
||
| 999 |
_c17382 _d17354 |
||